000 00941nam a2200253Ia 4500
003 OSt
005 20221005112148.0
006 a|||||r|||| 00| 0
007 ta
008 221004b |||||||| |||| 00| 0 pan d
020 _a9789387711082 (hbk)
_cINR 160.00
024 _a45239
037 _b1061, 12/02/2019, H.K. Prakashan
_cTextual
040 _aCRL
_cCRL
_bpan
041 _2pan
_apan
082 _aO153,3NBH2x, Q8
100 _aਪ੍ਰੀਤੀ
245 0 _aਗੁਰਬਚਨ ਸਿੰਘ ਭੁੱਲਰ ਦੀਆਂ ਕਹਾਣੀਆਂ ਮਹਾਂਨਗਰੀ ਸਭਿਆਚਾਰ
260 _aਅੰਮ੍ਰਿਤਸਰ
_bਕੇ. ਜੀ. ਗ੍ਰਾਫਿਕਸ ਭਾਰਤ
_c2018
300 _a124ਪ੍ਰ0
_ccm.
650 _aਪੰਜਾਬੀ ਸਾਹਿਤ
942 _hO153,3NBH2x, Q8
_cTEXL
_2cc
999 _c1024024
_d1024024